00750nam a22002057a 4500999001900000005001700019010001300036020001400049035001100063037001300074082001100087100003100098245006600129246005200195260005000247270005700297300002300354942003100377952013600408 c182541d18254120211122110547.0 aUR-11332 c250.00a- aU-9887 bDBAD/PUB a808.88 aعا ر ف حسن خا ن  aمير کا شعر ی آ ہنگcعا ر ف حسن خا ن  aMeer Ka Sheri Ahang (Urdu)bby Arif Hasan Khan aN.Delhic2021ءbEducational Publishing House aD1/16,Ansari Road,Darya Ganj,bNew Delhie110002l - a112 ص c22 Cm(Hb) 2ddccURh808.88mع ا ر  001040718NFICaDBADbLd2021-11-22eDBAD/PUBg250.00l0o808.88 ع ا رpU-9887r2021-11-22 00:00:00t1v250.00w2021-11-22yUR